[Event "IECG QE.2003.0.00056"]
[Site "IECG email"]
[Date "2003.11.03"]
[Round "?"]
[White "Ryan, Greg"]
[Black "Ergur, Fuat"]
[Result "0-1"]
[WhiteElo "1226"]
[BlackElo "1257"]
[PlyCount "70"]
[EventDate "2003.11.03"]
[EventType "tourn (corr)"]
[EventRounds "6"]
[SourceTitle "Corr 2008"]
[Source "ChessBase"]
[SourceDate "2008.06.24"]
[SourceVersion "1"]
[SourceVersionDate "2008.06.24"]
[SourceQuality "1"]

1. e4 e5 2. Nf3 Nc6 3. Bc4 Bc5 4. c3 Nf6 5. d4 exd4 6. cxd4 Bb4+ 7. Nc3 Nxe4 8. 0-0 Bxc3 9. d5 Ne5 10. bxc3 Nxc4 11. Qd4 0-0 12. Qxe4 b5 13. a4 Re8 14. Qd3 c6 15. axb5 cxb5 16. Ng5 g6 17. Nf3 Bb7 18. Bh6 Qb6 19. Rfe1 Qc5 20. Qd4 Qxd4 21. Nxd4 a6 22. h3 Rxe1+ 23. Rxe1 Bxd5 24. Re7 Nb6 25. Re3 Bc4 26. Nf5 a5 27. Nd6 a4 28. Nxc4 bxc4 29. Re1 a3 30. Ra1 a2 31. Kf1 f6 32. Be3 Nd5 33. Bd4 Nf4 34. Bxf6 Rb8 35. Rxa2 Rb1# 0-1

[Event "IECG QE.2003.0.00056"]
[Site "IECG email"]
[Date "2003.11.03"]
[Round "?"]
[White "Ryan, Greg"]
[Black "Peled, Shai"]
[Result "0-1"]
[WhiteElo "1226"]
[BlackElo "1164"]
[PlyCount "60"]
[EventDate "2003.11.03"]
[EventType "tourn (corr)"]
[EventRounds "6"]
[SourceTitle "Corr 2008"]
[Source "ChessBase"]
[SourceDate "2008.06.24"]
[SourceVersion "1"]
[SourceVersionDate "2008.06.24"]
[SourceQuality "1"]

1. e4 e5 2. Nf3 Nc6 3. Bc4 Bc5 4. c3 Nf6 5. d4 exd4 6. cxd4 Bb4+ 7. Nc3 Nxe4 8. 0-0 Bxc3 9. d5 Bf6 10. Re1 Ne7 11. Rxe4 d6 12. Bg5 Bxg5 13. Nxg5 h6 14. Qe2 hxg5 15. Re1 Be6 16. dxe6 f6 17. Re3 c6 18. Rh3 Rxh3 19. gxh3 g6 20. b4 Kf8 21. Bd3 Kg7 22. Qb2 d5 23. Qd4 Qd6 24. a4 Rh8 25. Kg2 b6 26. a5 Rh4 27. Qc3 g4 28. axb6 axb6 29. Bc2 Rxh3 30. Rf1 Qxh2# 0-1

[Event "IECG QE.2003.0.00056"]
[Site "IECG email"]
[Date "2003.11.03"]
[Round "?"]
[White "Ryan, Greg"]
[Black "Trevis, Robert R"]
[Result "1-0"]
[WhiteElo "1226"]
[BlackElo "1359"]
[PlyCount "61"]
[EventDate "2003.11.03"]
[EventType "tourn (corr)"]
[EventRounds "6"]
[SourceTitle "Corr 2008"]
[Source "ChessBase"]
[SourceDate "2008.06.24"]
[SourceVersion "1"]
[SourceVersionDate "2008.06.24"]
[SourceQuality "1"]

1. e4 d6 2. d4 Nf6 3. Nc3 g6 4. f3 Bg7 5. Be3 c6 6. Qd2 b5 7. Bd3 Nbd7 8. Nge2 0-0 9. 0-0-0 e5 10. dxe5 Nxe5 11. Nd4 b4 12. Nce2 c5 13. Nf4 cxd4 14. Bxd4 Qa5 15. Kb1 Bd7 16. Be2 Rfb8 17. b3 g5 18. Nd3 h6 19. Nb2 Qc7 20. Bxe5 dxe5 21. Nc4 Be6 22. Nd6 Rd8 23. Qxb4 Bf8 24. Nb5 Qxc2+ 25. Kxc2 Bxb4 26. Kb2 Ne8 27. Nc3 Rac8 28. Nb5 Bc5 29. Nc3 Bd4 30. Rc1 Bxc3+ 31. Rxc3 1-0

[Event "IECG QE.2003.0.00056"]
[Site "IECG email"]
[Date "2003.11.03"]
[Round "?"]
[White "Trevis, Robert R"]
[Black "Ryan, Greg"]
[Result "0-1"]
[WhiteElo "1359"]
[BlackElo "1226"]
[PlyCount "83"]
[EventDate "2003.11.03"]
[EventType "tourn (corr)"]
[EventRounds "6"]
[SourceTitle "Corr 2008"]
[Source "ChessBase"]
[SourceDate "2008.06.24"]
[SourceVersion "1"]
[SourceVersionDate "2008.06.24"]
[SourceQuality "1"]

1. d4 d5 2. c4 c6 3. Nf3 Nf6 4. Nc3 dxc4 5. a4 Bg4 6. Ne5 Be6 7. e4 Nbd7 8. Nxc4 Bxc4 9. Bxc4 e5 10. Qb3 Qe7 11. Qxb7 Rb8 12. Qxc6 exd4 13. Nd5 Qd6 14. Nxf6+ Qxf6 15. Qxf6 Bb4+ 16. Ke2 Nxf6 17. Bf4 Rc8 18. Kd3 Ke7 19. Rhc1 Nh5 20. Be5 f6 21. Bxd4 Nf4+ 22. Ke3 Nxg2+ 23. Kf3 Ne1+ 24. Ke2 a5 25. b3 Rhd8 26. Be3 Ng2 27. Rg1 Nxe3 28. Rxg7+ Kf8 29. Rg8+ Ke7 30. Rxd8 Rxd8 31. Kxe3 Bc5+ 32. Ke2 Rd4 33. Bd5 f5 34. Rc1 Bd6 35. Ke3 Rb4 36. f4 fxe4 37. h4 Rb8 38. Kxe4 Re8 39. f5 Kf6+ 40. Be6 Re7 41. Rc6 Bg3 42. Kf3 0-1

[Event "IECG TG-2003-0-14870"]
[Site "IECG email"]
[Date "2003.05.07"]
[Round "2"]
[White "Mori, Roberto"]
[Black "Ryan, Greg"]
[Result "1-0"]
[WhiteElo "1191"]
[BlackElo "1226"]
[PlyCount "95"]
[EventDate "2003.05.07"]
[EventType "tourn (corr)"]
[EventRounds "6"]
[SourceTitle "Corr 2024"]
[Source "ChessBase"]
[SourceDate "2023.10.19"]
[SourceVersion "1"]
[SourceVersionDate "2023.10.19"]
[SourceQuality "1"]

1. e4 c5 2. Nf3 Nc6 3. d4 cxd4 4. Nxd4 Nf6 5. Nc3 d6 6. Bg5 e6 7. Bb5 Bd7 8. 0-0 Be7 9. Nf3 0-0 10. a3 a6 11. Bc4 b5 12. Ba2 Rc8 13. Re1 Ng4 14. Bxe7 Qxe7 15. h3 Nge5 16. b4 Nxf3+ 17. Qxf3 Ne5 18. Qe3 Nc4 19. Qd4 Rc6 20. a4 Qg5 21. axb5 axb5 22. f4 Qxf4 23. Nxb5 Ne5 24. Rf1 Qg3 25. Bb3 Ng6 26. Ra7 Nf4 27. Rxf4 Qxf4 28. Rxd7 Qe5 29. Qxe5 dxe5 30. Nd6 h6 31. b5 Rb6 32. c4 Rbb8 33. c5 Ra8 34. Rxf7 Ra1+ 35. Kh2 Rc1 36. Bxe6 Rxf7 37. Bxf7+ Kf8 38. Bc4 Ke7 39. Nf5+ Kf6 40. Ne3 Ke7 41. b6 Kd7 42. Bb5+ Kc8 43. c6 Kb8 44. Nc4 Ra1 45. Nxe5 Ra5 46. Nd7+ Kc8 47. b7+ Kc7 48. b8Q# 1-0

[Event "IECG TG-2003-0-14870"]
[Site "IECG email"]
[Date "2003.05.07"]
[Round "1"]
[White "Ryan, Greg"]
[Black "Mori, Roberto"]
[Result "0-1"]
[WhiteElo "1226"]
[BlackElo "1191"]
[PlyCount "42"]
[EventDate "2003.05.07"]
[EventType "tourn (corr)"]
[EventRounds "6"]
[SourceTitle "Corr 2024"]
[Source "ChessBase"]
[SourceDate "2023.10.19"]
[SourceVersion "1"]
[SourceVersionDate "2023.10.19"]
[SourceQuality "1"]

1. e4 e5 2. Nf3 Nc6 3. Bb5 d6 4. d4 Bd7 5. Nc3 Nxd4 6. Nxd4 exd4 7. Qxd4 Nf6 8. Bg5 c6 9. Ba4 Be7 10. 0-0-0 0-0 11. Rhe1 Ng4 12. Bxe7 Qxe7 13. h3 Ne5 14. Qxd6 Qg5+ 15. Kb1 Be6 16. Rg1 b5 17. Bb3 Rfd8 18. Qb4 Bxb3 19. Qxb3 Rxd1+ 20. Nxd1 Nc4 21. Ne3 Nd2+ 0-1